| 000 | 00314nam a22001217a 4500 | ||
|---|---|---|---|
| 020 | _a073561993x | ||
| 082 |
_222 _a005.1 |
||
| 100 | _aSchwaber, Ken. | ||
| 245 | _aAgile project management with scrum / | ||
| 260 |
_aWashington, _bMicrosoft Press, _cc2004. |
||
| 300 |
_axix, 163p. ; _bill. ; _c23 cm. |
||
| 942 |
_2ddc _cIT |
||
| 999 |
_c1968 _d1968 |
||